The Apostles' Creed : (Record no. 128095)
[ view plain ]
| 000 -LEADER | |
|---|---|
| fixed length control field | 01906cam a2200325 a 4500 |
| 001 - CONTROL NUMBER | |
| control field | 16124365 |
| 003 - CONTROL NUMBER IDENTIFIER | |
| control field | ARRUPE |
| 005 - DATE AND TIME OF LATEST TRANSACTION | |
| control field | 20180904123912.0 |
| 008 - FIXED-LENGTH DATA ELEMENTS--GENERAL INFORMATION | |
| fixed length control field | 100308s2009 enk b 001 0 eng d |
| 010 ## - LIBRARY OF CONGRESS CONTROL NUMBER | |
| LC control number | 2010290816 |
| 020 ## - INTERNATIONAL STANDARD BOOK NUMBER | |
| International Standard Book Number | 056732821X (pbk.) |
| 020 ## - INTERNATIONAL STANDARD BOOK NUMBER | |
| International Standard Book Number | 9780567328212 (pbk.) |
| 020 ## - INTERNATIONAL STANDARD BOOK NUMBER | |
| International Standard Book Number | 056700175X (hbk.) |
| 020 ## - INTERNATIONAL STANDARD BOOK NUMBER | |
| International Standard Book Number | 9780567001757 (hbk.) |
| 035 ## - SYSTEM CONTROL NUMBER | |
| System control number | (OCoLC)ocn320662400 |
| 040 ## - CATALOGING SOURCE | |
| Original cataloging agency | BWK |
| Transcribing agency | BWK |
| Modifying agency | VXM |
| -- | SOR |
| -- | CFT |
| -- | DLC |
| 042 ## - AUTHENTICATION CODE | |
| Authentication code | lccopycat |
| 050 00 - LIBRARY OF CONGRESS CALL NUMBER | |
| Classification number | BT993.3 |
| Item number | .A84 2009 |
| 082 00 - DEWEY DECIMAL CLASSIFICATION NUMBER | |
| Classification number | 238/.11 |
| Edition number | 22 |
| 300 ## - PHYSICAL DESCRIPTION | |
| Dimensions | 22 cm. |
| 100 1# - MAIN ENTRY--PERSONAL NAME | |
| Personal name | Ashwin-Siejkowski, Piotr, |
| Dates associated with a name | 1964- |
| 9 (RLIN) | 41970 |
| 245 14 - TITLE STATEMENT | |
| Title | The Apostles' Creed : |
| Remainder of title | the Apostles' Creed and its early Christian context / |
| Statement of responsibility, etc | Piotr Ashwin-Siejkowski. |
| 260 ## - PUBLICATION, DISTRIBUTION, ETC. (IMPRINT) | |
| Place of publication, distribution, etc | London ; |
| -- | New York : |
| Name of publisher, distributor, etc | T & T Clark, |
| Date of publication, distribution, etc | c2009. |
| 300 ## - PHYSICAL DESCRIPTION | |
| Extent | vi, 197 p. ; |
| 504 ## - BIBLIOGRAPHY, ETC. NOTE | |
| Bibliography, etc | Includes bibliographical references (p. 160-195) and index. |
| 505 0# - FORMATTED CONTENTS NOTE | |
| Formatted contents note | I believe in God -- The Father Almighty, Creator of Heaven and Earth -- And in Jesus Christ, his Only Son our Lord -- Who was conceived by the Holy Spirit, born of the Virgin Mary -- Suffered under Pontius Pilate, was crucified, dead and buried -- He descended into hell; on the third day he rose again from the dead -- He ascended into heaven, and sits at the right hand of God the Father Almighty -- From thence he shall come to judge the living and the dead -- I believe in the Holy Spirit -- The holy catholic church (the communion of saints) -- The forgiveness of sins -- The resurrection of the flesh -- And eternal life; amen. |
| 630 00 - SUBJECT ADDED ENTRY--UNIFORM TITLE | |
| Uniform title | Apostles' Creed. |
| 9 (RLIN) | 16888 |
| 650 #0 - SUBJECT ADDED ENTRY--TOPICAL TERM | |
| Topical term or geographic name as entry element | Church history |
| Chronological subdivision | Primitive and early church, ca. 30-600. |
| 9 (RLIN) | 41971 |
| 906 ## - LOCAL DATA ELEMENT F, LDF (RLIN) | |
| a | 7 |
| b | cbc |
| c | copycat |
| d | 2 |
| e | ncip |
| f | 20 |
| g | y-gencatlg |
| 942 ## - ADDED ENTRY ELEMENTS (KOHA) | |
| Source of classification or shelving scheme | Library of Congress Classification |
| Koha item type | Monograph ( Printed materials) |
| Withdrawn status | Lost status | Source of classification or shelving scheme | Damaged status | Not for loan | Collection code | Home library | Current library | Shelving location | Date acquired | Total Checkouts | Full call number | Barcode | Date last seen | Date checked out | Price effective from | Koha item type |
|---|---|---|---|---|---|---|---|---|---|---|---|---|---|---|---|---|
| Library of Congress Classification | Main Collection | ARRUPE LIBRARY | ARRUPE LIBRARY | Main Collection | 04/09/2018 | 1 | BT993.3 .A84 2009 | 46600001561 | 11/03/2019 | 11/02/2019 | 04/09/2018 | Monograph ( Printed materials) |